Online
Catalog

Críticas para tiempos de poco fervor / (Record no. 14289)

MARC details
000 -CABECERA
campo de control de longitud fija 01131nam a2200301 a 4500
001 - NÚMERO DE CONTROL
campo de control 000014706
003 - IDENTIFICADOR DEL NÚMERO DE CONTROL
campo de control DO-SdBNP
005 - FECHA Y HORA DE LA ÚLTIMA TRANSACCIÓN
campo de control 20260429135248.0
008 - DATOS DE LONGITUD FIJA--INFORMACIÓN GENERAL
campo de control de longitud fija 100119s2009 dr 001 e spa d
020 ## - NÚMERO INTERNACIONAL ESTÁNDAR DEL LIBRO
Número Internacional Estándar del Libro 9789945443431
040 ## - FUENTE DE LA CATALOGACIÓN
Centro catalogador/agencia de origen DO-SdBNP
Lengua de catalogación spa
Centro/agencia transcriptor BNPHU
082 ## - NÚMERO DE LA CLASIFICACIÓN DECIMAL DEWEY
Número de clasificación RD864.5
Número de documento/Ítem R696c
100 1# - ENTRADA PRINCIPAL--NOMBRE DE PERSONA
Nombre de persona Rodríguez, Néstor E.,
Fechas asociadas al nombre 1971-
9 (RLIN) 33201
245 10 - MENCIÓN DE TÍTULO
Título Críticas para tiempos de poco fervor /
Mención de responsabilidad, etc. Néstor E. Rodríguez.
260 ## - PUBLICACIÓN, DISTRIBUCIÓN, ETC.
Lugar de publicación, distribución, etc. Santo Domingo :
Nombre del editor, distribuidor, etc. Banco Central de la República Dominicana,
Fecha de publicación, distribución, etc. 2009.
300 ## - DESCRIPCIÓN FÍSICA
Extensión 198 p. ;
Dimensiones 23 cm.
490 1# - MENCIÓN DE SERIE
Mención de serie Colección del Banco Central de la República Dominicana
Designación de volumen o secuencia v. 115
490 1# - MENCIÓN DE SERIE
Designación de volumen o secuencia Arte y literatura
-- v. 49
500 ## - NOTA GENERAL
Nota general Incluye datos biográficos del autor en las solapas e índice onomástico
500 ## - NOTA GENERAL
Nota general Incluye notas al pie de las páginas
590 ## - NOTA LOCAL (RLIN)
Nota local Inventariado, 2021 / DG
650 14 - PUNTO DE ACCESO ADICIONAL DE MATERIA--TÉRMINO DE MATERIA
Término de materia o nombre geográfico como elemento de entrada Literatura
Subdivisión general Ensayos, conferencias, etc.
9 (RLIN) 8705
650 10 - PUNTO DE ACCESO ADICIONAL DE MATERIA--TÉRMINO DE MATERIA
Término de materia o nombre geográfico como elemento de entrada Literatura
Subdivisión general Historia y crítica
9 (RLIN) 835
830 #0 - PUNTO DE ACCESO ADICIONAL DE SERIE-TÍTULO UNIFORME
Título uniforme Colección del Banco Central de la República Dominicna
Número de parte o sección de la obra no. 115
9 (RLIN) 33354
830 #0 - PUNTO DE ACCESO ADICIONAL DE SERIE-TÍTULO UNIFORME
Título uniforme Arte y literatura
Número de parte o sección de la obra no. 49
9 (RLIN) 33355
910 ## - DATOS DE OPCIÓN DEL USUARIO (OCLC)
Datos de opción del usuario D/G
942 ## - ELEMENTOS DE PUNTO DE ACCESO ADICIONAL (KOHA)
Fuente del sistema de clasificación o colocación Dewey Decimal Classification
Tipo de ítem Koha Libro
Holdings
Estado de retiro Estado de pérdida No para préstamo Código de colección Localización permanente Ubicación/localización actual Ubicación en estantería Fecha de adquisición Número de inventario Total de préstamos Signatura topográfica completa Código de barras Fecha visto por última vez Número de copia Precio válido a partir de Tipo de ítem Koha Fuente del sistema de clasificación o colocación Restricciones de uso Fuente de adquisición
    Excluido de préstamo Dominicana de Servicio General General En catalogación 19.01.2010 LF1   RD864.5 R696c 14706-30 25.06.2020 e. 3 25.06.2020 Libro y Folleto Colección Dominicana de Servicio      
      Dominicana de Servicio Biblioteca Nacional Pedro Henríquez Ureña General Depósito 19.07.2021     BNPHU DS RD864.5 R696c 2021-25236 19.07.2021 e.4 19.07.2021 Libro y Folleto Colección Dominicana de Servicio Dewey Decimal Classification Préstamo en sala donado por CERTV
    Excluido de préstamo Patrimonio Dominicano Patrimonio Dominicano Patrimonio Dominicano En catalogación 19.01.2010 LF1   RD864.5 R696c 14706-10 25.06.2020   25.06.2020 Libro y Folleto Colección Patrimonio Dominicano      
    Excluido de préstamo Patrimonio Dominicano Patrimonio Dominicano Patrimonio Dominicano En catalogación 19.01.2010 LF1   RD864.5 R696c 14706-20 25.06.2020 e. 2 25.06.2020 Libro y Folleto Colección Patrimonio Dominicano      

Powered by Koha